The colorful bromeliads : (Record no. 9684)

MARC details
000 -LEADER
fixed length control field 00611nac a22001811u 4500
010 ## - LIBRARY OF CONGRESS CONTROL NUMBER
LC control number 81172188
082 00 - DEWEY DECIMAL CLASSIFICATION NUMBER
Classification number 635.93422
Item number PAD
090 ## - LOCALLY ASSIGNED LC-TYPE CALL NUMBER (OCLC); LOCAL CALL NUMBER (OCLC)
-- 9684
-- 9684
100 ## - MAIN ENTRY--PERSONAL NAME
Personal name Padilla, Victoria.
245 14 - TITLE STATEMENT
Title The colorful bromeliads :
Remainder of title their infinite variety /
Statement of responsibility, etc by Victoria Padilla.
260 ## - PUBLICATION, DISTRIBUTION, ETC. (IMPRINT)
Place of publication, distribution, etc Los Angeles, Calif. :
Name of publisher, distributor, etc Bromeliad Society,1981
Date of publication, distribution, etc 1981.
300 ## - PHYSICAL DESCRIPTION
Extent 112 p. :
Other physical details col. ill. ;
Dimensions 29 cm.
500 ## - GENERAL NOTE
General note Includes index.
500 ## - GENERAL NOTE
General note distributer: Al-Ahram
511 ## - PARTICIPANT OR PERFORMER NOTE
Participant or performer note catalogued by: wessam
650 #0 - SUBJECT ADDED ENTRY--TOPICAL TERM
Topical term or geographic name as entry element Bromeliaceae
General subdivision Pictorial works.
942 ## - ADDED ENTRY ELEMENTS (KOHA)
Item type Book - Borrowing
Call number prefix 635.93422PAD
Holdings
Withdrawn status Item status Damaged status Not for loan Home library Current library Shelving location Date acquired Source of acquisition Total Checkouts Full call number Barcode Date last seen Koha item type
        Central Library Central Library First floor 28/05/2008 Purchase   635.93422PAD 000011737 15/07/2025 Book - Borrowing